Human ability : (Record no. 29739)
[ view plain ]
| 000 -LEADER | |
|---|---|
| fixed length control field | 00848cam a22002771 4500 |
| 001 - CONTROL NUMBER | |
| control field | 29739 |
| 003 - CONTROL NUMBER IDENTIFIER | |
| rucl marc code | BD-RjUL |
| 005 - DATE AND TIME OF LATEST TRANSACTION | |
| control field | 20211209051443.0 |
| 008 - FIXED-LENGTH DATA ELEMENTS--GENERAL INFORMATION | |
| fixed length control field | 140407s1951 enk 001 0 eng d |
| 035 ## - SYSTEM CONTROL NUMBER | |
| System control number | (BD-RjUL)29824 |
| System control number | (OCoLC)1231284 |
| 040 ## - CATALOGING SOURCE | |
| Original cataloging agency | DLC |
| Transcribing agency | OClU |
| Modifying agency | Uk |
| -- | DLC |
| -- | BD-RjUL |
| Language of cataloging | eng |
| 041 ## - LANGUAGE CODE | |
| Language code of text/sound track or separate title | eng |
| 082 00 - DEWEY DECIMAL CLASSIFICATION NUMBER | |
| Classification number | 151.2 |
| Author mark and year | SPH 1951 |
| 100 1# - MAIN ENTRY--PERSONAL NAME | |
| Personal name | Spearman, C. |
| Fuller form of name | (Charles), |
| Dates associated with a name | 1863-1945. |
| 9 (RLIN) | 90553 |
| 245 10 - TITLE STATEMENT | |
| Title | Human ability : |
| Remainder of title | a continuation of "The abilities of man" / |
| Statement of responsibility, etc. | By C. Spearman and Ll. Wynn Jones. |
| 260 ## - PUBLICATION, DISTRIBUTION, ETC. (IMPRINT) | |
| Place of publication, distribution, etc. | London : |
| Name of publisher, distributor, etc. | Macmillan, |
| Date of publication, distribution, etc. | 1951. |
| 300 ## - PHYSICAL DESCRIPTION | |
| Pagination | vii, 198 p. : |
| Illustrations | diagrs. ; |
| Size | 22 cm. |
| 504 ## - BIBLIOGRAPHY, ETC. NOTE | |
| Bibliography, etc | Bibliographical footnotes. and Index |
| 650 #0 - SUBJECT ADDED ENTRY--TOPICAL TERM | |
| Topical term or geographic name as entry element | Psychophysiology. |
| 9 (RLIN) | 90554 |
| Topical term or geographic name as entry element | Ability. |
| 9 (RLIN) | 90555 |
| 700 1# - ADDED ENTRY--PERSONAL NAME | |
| Personal name | Jones, Wynn LL |
| 942 ## - ADDED ENTRY ELEMENTS (KOHA) | |
| Source of classification or shelving scheme | Dewey Decimal Classification |
| Koha item type | Books |
| Lost status | Source of classification or shelving scheme | Damaged status | Not for loan | Collection code | Permanent Location | Current Location | Shelving location | Date acquired | Source of acquisition | Cost, normal purchase price | Total Checkouts | Full call number | Date last seen | Copy number | Koha item type |
|---|---|---|---|---|---|---|---|---|---|---|---|---|---|---|---|
| Dewey Decimal Classification | Added to bundle | Non-fiction | Central Library, University of Rajshahi | Central Library, University of Rajshahi | Reading Room | 26/01/1956 | Shiwha Ashat | 0.16 | 151.2 SPH 1951 | 07/04/2014 | C-1 | Books |